000 00366nam a2200145Ia 4500
003 OSt
005 20240102055122.0
008 170524s9999 xx 000 0 und d
020 _a9788184350784
040 _cIIMT UNIVERSITY
100 _aAHLUWALIA- H.S
245 0 _aGLOBALISATION AND SOCIA ECONOMIC DEVELOPMENT
260 _bNew Delhi : Adhiyaya
942 _2ddc
_c02
999 _c9447
_d9447